| 000 | 00851cam a2200265 a 4500 | ||
|---|---|---|---|
| 008 | |||
| 020 | _a9780415507158 (pbk.) | ||
| 049 | _aMAIN | ||
| 090 |
_aSD387.S87 _bGar |
||
| 100 | 1 | _aGardner, Toby. | |
| 245 | 1 | 0 |
_aMonitoring forest biodiversity : _bimproving conservation through ecologically responsible management / _cToby Gardner. |
| 260 |
_aLondon : _bEarthscan, _c2010. |
||
| 300 |
_axxvii, 360 p. : _bill., maps ; _c25 cm. |
||
| 500 | _alncludes index. | ||
| 504 | _aIncludes bibliographical references. | ||
| 650 | 0 | _aSustainable forestry. | |
| 650 | 0 | _aBiodiversity conservation. | |
| 650 | 0 | _aForest biodiversity. | |
| 650 | 0 | _aForest management. | |
| 907 |
_a.b10318392 _b16-10-12 _c19-09-12 |
||
| 003 | |||
| 005 | 20230123125448.0 | ||
| 040 | _cNUST | ||
| 942 |
_cBOOKS _kSD387.S87 _mGar |
||
| 999 |
_c141920 _d141920 |
||